000 00388nam a22001577a 4500
003 SGT
020 _a9788184481440
082 _a617.63
_bO08P
100 _aPRABHU SR
245 _aORAL DISEASES AND DISORDERS - DIFFERENTIAL DIAGNOSIS
250 _a1st
260 _aDELHI DARYAGANJ
_bJAYPEE MEDICAL PUBLISHER
_c2008
300 _a1-297
650 _aORAL MEDICINE
942 _2ddc
_cBK
999 _c22028
_d22028